000 00833nam a22002177a 4500
999 _c9364
_d9364
003 AR-CdUCM
008 190327b ||||| |||| 00| 0 spa d
040 _aMUNICIPALIDAD PROVINCIAL DEL CUSCO
_cBIBLIOTECA MUNICIPAL DEL CUSCO
041 _hita
082 _a858.74 /
_bM23 / 1944
100 _aManzoni, Alessandro
_925508
245 _aObservaciones sobre la moral católica /
260 _aBuenos Aires :
_bEmecé,
_c1944.
300 _a352 páginas ;
_c18 cm.
505 _aContenido: Sobre la unidad de fe -- Sobre la diversa influencia de la religión católica según los lugares y los tiempos -- Sobre la distinción entre la filosofía moral y teología ...
650 _aLiteratura italiana
_9615
650 _aSiglo XIX
_9971
700 _aNavarro, Francisco ( traductor)
_925509
942 _2ddc
_cLIBROS
945 _aacv